| 000 | 00446nam a22001457a 4500 | ||
|---|---|---|---|
| 020 | _a9788181312563 | ||
| 082 |
_a823 _bBRI/S |
||
| 100 | _aBRITANNICA | ||
| 245 |
_aEARLY DISCOVERY _bSHAPES |
||
| 260 |
_aUNITED KINGDOM _bENCYCLOPEDIA BRITANNICA _c2012 |
||
| 300 | _a32 | ||
| 520 | _aDISCOVER ABOUT SHAPES, LEARN NEW WORDS, PLAY SHAPE MACHINE GAME, SHAPE ACTIVITIES | ||
| 650 |
_aDISCOVER INTERESTING THINGS ABOUT SHAPES _zUNITED KINGDOM |
||
| 942 | _cBK | ||
| 999 |
_c244 _d244 |
||